INFOTÉKA - samoobsluha s informáciami

Potreba transparentnosti trhu na realizáciu spotrebiteľských práv. Významné miesto spotrebiteľských informácií a poradenstva medzi nástrojmi spotrebiteľskej politiky. Spôsoby informovania o spotrebiteľských problémoch. Infotéka v Nemecku a na Slovensku.

Salvato in:
Dettagli Bibliografici
Autore principale: Zelienková, Zdenka
Natura: Capitolo di libro
Lingua:slovacco
Soggetti:
Tags: Aggiungi Tag
Nessun Tag, puoi essere il primo ad aggiungerne!!

MARC

LEADER 00000naa a2200000 4500
001 r026515
005 20230824090240.1
041 0 |a slo 
044 |a SK 
245 1 0 |a INFOTÉKA - samoobsluha s informáciami  |c Zdenka Zelienková 
520 |a Potreba transparentnosti trhu na realizáciu spotrebiteľských práv. Významné miesto spotrebiteľských informácií a poradenstva medzi nástrojmi spotrebiteľskej politiky. Spôsoby informovania o spotrebiteľských problémoch. Infotéka v Nemecku a na Slovensku. 
610 2 0 |a Nemecko 
610 2 0 |a Slovensko 
610 2 0 |a informácie 
610 2 0 |a spotrebitelia 
610 2 0 |a Infotéka 
610 2 0 |a katalógy 
610 2 0 |a poradenstvo 
100 1 |a Zelienková, Zdenka